00501nam a2200181Ia 4500003000400000005001700004008004100021040000700062041001200069082001600081100007400097245005100171260004600222300001300268365001100281563000700292650002000299OSt20250806141833.0210707s1983 xx 000 0 und d cAL aKannada aK894.3 MULV aMULIYA TIMMAPPAYYAdತಿಮ್ಮಪ್ಪಯ್ಯ ಮುಳಿಯ aVira bankeya.bವೀರ ಬಂಕೇಯ aBengalurubVishva Kannada Sammelanac1983 a116,iv p b2cINR aPB aKannada Fiction